=LDR 00000nam 2200000 4500 =001 INLIS000000000039638 =005 20130612145244 =008 ***********************************ind** =035 ##$$0010-061300000039638 =041 ##$$a ind =082 ##$$a 813 =090 ##$$a 813, Kin p =100 ##$$a Kinasih, Putri Rindu =245 ##$$a Putri's Diary, Virus Dreamunus Nekatisimus =260 ##$$a 2011 $b Jakarta =300 ##$$a 142 hlm, ilus, 18 cm =850 ##$$a NBPNMAT